Responses for Show #9088 - Wednesday, April 24, 2024

Amy Hummel game 1.

Contestants

[<< previous game]

Amy Hummel, an ER doctor from Milwaukee, Wisconsin

Paul Drake, a front desk lead originally from Grand Blanc, Michigan

Mark Lashley, a professor from Philadelphia, Pennsylvania (whose 1-day cash winnings total $17,601)

[next game >>]

Jeopardy! Round responses

U.S. MILITARY ACTIONS
CELEBRITY MEMOIRS
HIKING GEAR
ETYMOLOGIES
THE RITE STUFF
MOVEMENT
    $200 30
Florida

Mark
    $200 15
Britney Spears

Amy
    $200 28
Zippo

Mark
    $200 11
a bungalow

Paul
    $200 29
a bat mitzvah

Amy
    $200 14
ballet

Paul
    $400 26
Korea

Amy
    $400 5
Colin Jost

Amy
    $400 27
gorp (trail mix)

Mark
    $400 10
muscles

Mark
    $400 22
sake

Amy
    $400 13
pop art

Paul
    $600 25
From the halls of Montezuma

Amy
    $1,000 4
(Mark: What is Last Action Hero?)

Total Recall

Mark
    $600 18
a glacier

Mark
    $600 9
respite

Mark
    $600 21
baptism

Mark
    $600 12
Selma

Paul
    $800 24
Cyprus

Mark
    $800 1
Brando

Paul
    $800 17
DEET

Paul
    $800 8
imbroglio

Paul
    $800 20
sun dance

Mark
    $800 6
tai chi

Amy
    $1000 23
the Houthis

Amy
    $1000 2
Mel Brooks

Paul
    $1000 16
iodine

Paul
    $1000 7
pneumatic

Amy
    $1000 19
Mecca

Amy
    $1000 3
manifest destiny

Mark

Scores at the first commercial break (after clue 15):

Mark Paul Amy
$1,000 $4,000 $2,400

Scores at the end of the Jeopardy! Round:

Mark Paul Amy
$4,600 $5,800 $6,000

Double Jeopardy! Round responses

NEAR THE EQUATOR
ESSAYS
ART & ARTISTS
ENGINEERING MARVELS
MUSIC FROM 10 YEARS AGO
FEEL "OLD" YET?
    $400 26
Brazil

Amy
    $400 28
reparations

Amy
    $400 30
blue

Amy
    $400 29
France

Triple Stumper
    $400 23
the summer

Paul
    $400 25
a scaffold

Paul
    $4,000 19
(Ken: Amy?)
(Amy: What is...)

Komodo

Amy
    $800 20
Nathaniel Hawthorne

Triple Stumper
    $800 27
(Amy: Who is Bocelli--Botticelli?)
(Paul: Who is Gabriel?)

Raphael

PaulAmy
Triple Stumper
    $800 21
the Army Corps of Engineers

Paul
    $800 22
Nick Jonas

Amy
    $800 24
bold(face)

Paul
    $1200 13
(Paul: What is, oh, gosh... what is Zimbabwe?)

the Democratic Republic of Congo

Paul
Triple Stumper
    $2,000 7
(Mark: What is... Self-Reliance?)

Civil Disobedience

Mark
    $1200 17
Basquiat

Mark
    $1200 16
the Skywalk

Triple Stumper
    $1200 5
Iggy Azalea

Amy
    $1200 1
the policyholder

Mark
    $1600 12
Colombia

Amy
    $1600 9
Swift

Amy
    $1600 14
El Greco

Amy
    $1600 15
the Grand Coulee Dam

Paul
    $1600 4
[Mark did not include the leading article in the duo's name.]

The Chainsmokers

Mark
    $1600 2
a manifold

Paul
    $2000 18
the (White) Nile

Amy
    $2000 10
Virginia Woolf

Amy
    $2000 11
Abstract Expressionism

Triple Stumper
    $2000 6
(Paul: What is the Gulf of Bothnia?)

the Gulf of Finland

MarkPaul
    $2000 3
Jason Derulo

Paul
    $2000 8
(Ken: I hope you never need these tips for [*].)

cold calling

Triple Stumper

Scores at the end of the Double Jeopardy! Round:

Mark Paul Amy
$8,600 $9,400 $13,200

[wagering suggestions for these scores]

Final Jeopardy! Round responses

HISTORIC TRANSPORTS
(Ken: [To Mark] The Montgolfiers were balloonists and, of course, the smoking room had to be kept far away from the flammable hydrogen.)
MarkWhat is the Hindenburg?
$801
PaulWhat is The Hindenburg
$7,801
AmyWhat is the Zep Hindenburg
$5,700
the Hindenburg

Final scores:

Mark Paul Amy
$9,401 $17,201 $18,900
3rd place: $2,000 2nd place: $3,000 New champion: $18,900

Game dynamics:

Coryat scores:

Mark Paul Amy
$11,600 $9,400 $17,200
14 R,
2 W
(including 2 DDs)
16 R,
3 W
20 R,
2 W
(including 1 DD)

Combined Coryat: $38,200

[game clues] [game scores] [suggest correction]

Game tape date: 2024-03-13
The J! Archive is created by fans, for fans. Scraping, republication, monetization, and malicious use prohibited; this site may use cookies and collect identifying information. See terms. The Jeopardy! game show and all elements thereof, including but not limited to copyright and trademark thereto, are the property of Jeopardy Productions, Inc. and are protected under law. This website is not affiliated with, sponsored by, or operated by Jeopardy Productions, Inc. Join the discussion at JBoard.tv.